Music Quiz

Random Music or Musical Quiz
Score 0/15 Timer 04:00
0 Plays Today
% Correct
C Major
88.1%
G Major
77.7%
D Major
75.4%
F Major
73.9%
A Major
69.6%
E Major
66.6%
E-Flat Major
60.3%
B Major
60.2%
% Correct
B-Flat Major
60.1%
A-Flat Major
57%
C-Sharp Major
51.9%
C-Flat Major
51.1%
D-Flat Major
50%
F-Sharp Major
48.4%
G-Flat Major
43.8%
Remove Ads.
Support Sporcle.
Get the best of Sporcle when you Go Orange. This ad-free experience offers more features, more stats, and more fun while also helping to support Sporcle. Thank you for becoming a member.

You're not logged in!

Compare scores with friends on all Sporcle quizzes.
OR
Log In

Show Comments

Extras

Top Quizzes Today


Score Distribution

Your Account Isn't Verified!

In order to create a playlist on Sporcle, you need to verify the email address you used during registration. Go to your Sporcle Settings to finish the process.

Report this User

Report this user for behavior that violates our Community Guidelines.

Details: